[Event "Asuncion CIT op"]
[Site "Asuncion"]
[Date "2023.08.18"]
[Round "9"]
[White "Salomon Casali, Oliver"]
[Black "Zaputovich, Jose"]
[Result "1-0"]
[WhiteElo "1155"]
[BlackElo "1438"]
[PlyCount "27"]
[EventDate "2023.08.12"]
[EventType "swiss"]
[EventRounds "9"]
[EventCountry "PAR"]
[SourceTitle "CBM 215 Extra"]
[Source "ChessBase"]
[SourceDate "2023.09.30"]
[SourceVersion "1"]
[SourceVersionDate "2023.09.30"]
[SourceQuality "1"]

1. e4 e5 2. Nf3 Nc6 3. Bb5 a6 4. Bxc6 dxc6 5. 0-0 Bg4 6. d4 exd4 7. Qxd4 Bxf3 8. Qxd8+ Rxd8 9. gxf3 Nf6 10. Nc3 Bb4 11. Bg5 Bxc3 12. bxc3 h6 13. Bxf6 gxf6 14. Rab1 1-0

[Event "Asuncion CIT op"]
[Site "Asuncion"]
[Date "2023.08.17"]
[Round "8"]
[White "Salomon Casali, Oliver"]
[Black "Mayeregger Gonzalez, Fiorella Allegra"]
[Result "0-1"]
[WhiteElo "1155"]
[BlackElo "1509"]
[PlyCount "74"]
[EventDate "2023.08.12"]
[EventType "swiss"]
[EventRounds "9"]
[EventCountry "PAR"]
[SourceTitle "CBM 215 Extra"]
[Source "ChessBase"]
[SourceDate "2023.09.30"]
[SourceVersion "1"]
[SourceVersionDate "2023.09.30"]
[SourceQuality "1"]

1. e4 c5 2. Nf3 e6 3. c3 d5 4. exd5 exd5 5. Bb5+ Bd7 6. Bxd7+ Qxd7 7. d4 cxd4 8. cxd4 Nc6 9. 0-0 Nf6 10. Nc3 Be7 11. Re1 0-0 12. Ne5 Qd8 13. Nf3 a6 14. Be3 Rc8 15. Rc1 b5 16. h3 Na5 17. Bg5 Nc4 18. b3 Nb6 19. Ne2 Rxc1 20. Qxc1 Bb4 21. Rd1 Qd6 22. Bf4 Qe7 23. Qe3 Qxe3 24. fxe3 Ba3 25. Bc7 Nbd7 26. Be5 Rc8 27. Ne1 Ne4 28. Ng3 Nxg3 29. Bxg3 Nf6 30. Bf4 Ne4 31. h4 h6 32. g4 g5 33. hxg5 hxg5 34. Be5 f6 35. Bh2 Rc3 36. Rd3 Rc1 37. Kf1 Bb4 0-1

[Event "PAR-ch U20"]
[Site "Asuncion"]
[Date "2023.06.02"]
[Round "1"]
[White "Salomon Casali, Oliver"]
[Black "Torales G, Ivan Alejandro B"]
[Result "0-1"]
[WhiteElo "1131"]
[BlackElo "1644"]
[PlyCount "68"]
[EventDate "2023.06.02"]
[EventType "swiss"]
[EventRounds "7"]
[EventCountry "PAR"]
[SourceTitle "CBM 214 Extra"]
[Source "ChessBase"]
[SourceDate "2023.07.31"]
[SourceVersion "1"]
[SourceVersionDate "2023.07.31"]
[SourceQuality "1"]

1. c4 c5 2. Nc3 Nc6 3. d3 e6 4. Nf3 h6 5. e4 Nge7 6. g3 g6 7. Bg2 Bg7 8. 0-0 0-0 9. Be3 b6 10. d4 cxd4 11. Nxd4 Bb7 12. Nxc6 Nxc6 13. Qd2 Kh7 14. f4 Re8 15. f5 exf5 16. exf5 Rxe3 17. Qxe3 Bd4 18. fxg6+ fxg6 19. Qxd4 Nxd4 20. Bxb7 Rb8 21. Bd5 Nf5 22. Rf3 Qe7 23. Raf1 Qc5+ 24. Kh1 b5 25. g4 Nd6 26. Rf7+ Kh8 27. Rxd7 bxc4 28. Rf6 Qe3 29. Rfxd6 Qe1+ 30. Kg2 Rxb2+ 31. Kf3 Rf2+ 32. Kg3 Qg1+ 33. Bg2 Qxg2+ 34. Kh4 Qxh2# 0-1